000
00231nam a22000977a 4500
999
_c
519844
_d
519844
082
_a
TNC A6x5444 D28
100
_a
Deshpande, Anirudh
_9
31070
245
_a
The stigma of defeat
260
_a
New Delhi
_b
Nehru Memorial
300
_a
44p.